000 00365cam a2200145ua 4500
041 _aeng
_h
082 _a821
_bTEN/PO
100 _aTennyson, Alfred.
245 _aPoetical works /
_cAlfred Tennyson.
_hTextual Documents
260 _aMelbourne :
_bMacMillan and Company Limited ,
_c1950.
300 _a646 ; .
504 _a
942 _cBK
999 _c5756
_d5756